|
|
|
|
| LEADER |
01125nam a2200277 a 4500 |
| 001 |
1917190 |
| 008 |
100112s1998 ii a b 001 0 eng d |
| 010 |
|
|
|a 97032073
|
| 020 |
|
|
|a 0761992227 (US-hb)
|
| 020 |
|
|
|a 8170366763 (India -hb)
|
| 040 |
|
|
|a TOC
|b eng
|c TOC
|d TOC
|d BD-DhAAL
|
| 082 |
0 |
0 |
|a 306.43/095
|2 21
|
| 245 |
1 |
0 |
|a Education, development, and underdevelopment /
|c editors, Sureshchandra Shukla, Rekha Kaul.
|
| 260 |
|
|
|a New Delhi ;
|a Thousand Oaks, Calif. :
|b Sage Publications,
|c c1998.
|
| 300 |
|
|
|a x, 308 p. :
|b ill. ;
|c 24 cm.
|
| 504 |
|
|
|a Includes bibliographical references and index.
|
| 541 |
1 |
|
|e 00008455
|
| 650 |
|
0 |
|a Education
|x Economic aspects
|z India
|
| 650 |
|
0 |
|a Education
|x Economic aspects
|z cHINA
|
| 650 |
|
0 |
|a Education
|x Economic aspects
|z USA
|
| 650 |
|
0 |
|a Education
|x Social aspects
|
| 700 |
1 |
|
|a Kaul, Rekha.
|
| 700 |
1 |
|
|a Shukla, Sureshchandra,
|d 1927
|
| 852 |
4 |
|
|a Ayesha Abed Library
|j General shelf
|
| 999 |
|
|
|c 6921
|d 6921
|
| 952 |
|
|
|0 0
|1 0
|2 ddc
|4 0
|6 306_430000000000000_095_EDU_1998
|7 0
|9 7150
|a BRACUL
|b BRACUL
|c GEN
|d 2010-01-13
|l 3
|m 13
|o 306.43095 EDU
|p 3010008455
|r 2014-08-13
|s 2014-05-26
|t 1
|w 2010-01-13
|y BK
|